A la sombra del cañaveral : (Registro nro. 13553)

Detalles MARC
000 -LIDER
fixed length control field 03146nam a2200325 a 4500
001 - NÚMERO DE CONTROL
Identificador de número de control 000018959
003 - IDENTIFICACDOR DE NÚMERO DE CONTROL
control field DO-SdBNP
005 - DATE AND TIME OF LATEST TRANSACTION
control field 20220211075245.0
008 - ELEMENTOS DE LONGITUD FIJA
fixed length control field 100521s2006 dr r 001 p spa d
020 ## - ISBN
International Standard Book Number 9993442607
040 ## - FUENTE DE CATALOGACIÓN
Agencia que crea de manera original el registro DO-SdBNP
Idioma de catalogación spa
Agencia que realiza la transcripción BPMSU
082 ## - NÚMERO DE CLASIFICACIÓN DECIMAL DE DEWEY
Classification number RD861.08
-- S693c 2006
Edition number 22
245 00 - MENCIÓN DE TITULO
Título A la sombra del cañaveral :
Subtítulo antología de poetas del este /
Mención de responsabilidad compilador Isael Pérez ; presentación Alejandro Arvelo.
260 ## - PUBLICACIÓN, DISTRIBUCIÓN, ETC. (PIE DE IMPRENTA)
Lugar de publicación, distribución, etc Santo Domingo :
Nombre del editor, distribuidor, etc. Dirección General de la Feria del Libro,
Fecha de publicación, distribución, etc 2006.
Impresor
300 ## - DESCRIPCIÓN FÍSICA
Extensión 242 p. ;
Dimensiones 23 cm.
490 0# - MENCIÓN DE SERIES
Mención de serie Ferilibro
Volume/sequential designation 99
500 ## - NOTA GENERAL
Nota general Incluye datos biográficos del autor en la solapa de la cubierta
500 ## - NOTA GENERAL
Nota general Incluye datos biográficos de los poetas al pie de las páginas
505 0# - NOTA DE CONTENIDO
Texto normalizado de contenido Presentación / Alejandro Arvelo -- La literatura dominicana en la región este / Isael Pérez -- Había una vez un hombre llamado sándalo / Néstor Caro -- La máscara del tiempo / Avelino Sanley -- Ni la muerte lo quería / Miguel Ángel Gómez -- La iniciación / Fernando Ureña Rib -- Deseo de cristal / Rómulo Zorrilla -- Poético poético / Néstor García -- Los pavos de don Paipulá, el ignominioso / Héctor Payano -- Chito / José Rijo -- En busca del enganche / Ramóm Marrero Aristy -- Cuando los perros se amarraban con longaniza / Justiniano Estévez Aristy -- El juez que se volvió loco / Celio Guerrero -- Muertos que no hacen ruidos / Daniel del Carpio -- Historia de la mujer que se transforma / Rafael Peralta Romero -- La mujer del guerrillero / Bonaparte Gautreaux Piñeyro -- Ay, Rosalía / Juan Carlos Mieses -- Los reinos de la ternura / Héctor Williams Zorrilla -- El deseo de morir en su tierra / Juan Martínez Montero -- Posesión / Sélvido Candelario -- Juan Bobo y Pedro Animal / Cecilio Díaz Carela -- Tres granos de sal / Juan Pradios Rojas -- Antes que la luz se acabe / Aquiles Julián -- La niña Ana / Billy Laureano -- ¿Porque lo Hiciste? / Ricardo Vega -- Siete letras / Miguel Solano -- La novia del coronel era un travesti / Abel Astacio -- No duermes en cuarto ajeno / Jesús Morales -- Ahora que vuelvo, Ton / René del Risco Bermúdez -- Senectud / Miguel Phipps Cueto -- La muerte espera en el tranquilo barrio de gascue / Herman Mella Chavier -- Dar para recibir / María Aybar -- El sueño / Bernot Berry Martínez -- No eres un hombre, hijo / Iván García Guerra -- El viaje / Manuel Luna Vásquez -- Charlie / Ricardo Nieves -- La que nunca fue / Bruno Silié -- La dama del lago / Teresita Beltré -- La historia de un perro / Miguel Ángel Monclús -- ¿Qué responden? / Edgar Reyes Tejada -- Oneyda / Claudio Alberto Mustafá -- El Aqueybana o cacique yaquimo / Héctor
590 ## - NOTA LOCAL
Enlace Inventariado, 2021/VM
650 #4 - ENCABEZAMIENTO DE MATERIA--TEMÁTICO
Término temático o nombre geográfico como elemento de entrada Poesía dominicana
Subdivisión temática general Colecciones
650 #4 - ENCABEZAMIENTO DE MATERIA--TEMÁTICO
Término temático o nombre geográfico como elemento de entrada Literatura dominicana
Subdivisión de forma Colecciones
Subdivisión temática general
651 #4 - ENCABEZAMIENTO DE MATERIA--NOMBRE GEOGRÁFICO
Nombre geográfico Región este (República Dominicana
Subdivisión temática general Antologias literarias
700 1# - ASIENTO SECUNDARIO -- NOMBRE PERSONAL
Nombre personal Arvelo, Alejandro
Mención de responsabilidad presentación
700 1# - ASIENTO SECUNDARIO -- NOMBRE PERSONAL
Nombre personal Pérez, Isael
Mención de responsabilidad comp.
710 2# - ASIENTO SECUNDARIO -- NOMBRE CORPORATIVO
Nombre corporativo o de jurisdicción Dirección General de la Feria del Libro (República Dominicana)
830 #0 - ASIENTO SECUNDARIO DE SERIE--TÍTULO UNIFORME
Título uniforme Ferilibro
Número de la parte o sección de una obra 99
910 ## - VALIDACIÓN
Validación VMateo V.
942 ## - ADDED ENTRY ELEMENTS (KOHA)
Source of classification or shelving scheme Dewey Decimal Classification
Koha item type Libros
Existencias
Withdrawn status Lost status Source of classification or shelving scheme Damaged status Not for loan Collection code Home library Current library Date acquired Full call number Barcode Date last seen Price effective from Koha item type Copy number
    Dewey Decimal Classification     Colección Dominicana Biblioteca Pública Metropolitana Salomé Ureña Biblioteca Pública Metropolitana Salomé Ureña 06/02/2021 BPMSU CD RD861.08 S693c 2006 BPMSU21060015 06/02/2021 06/02/2021 Libros  
    Dewey Decimal Classification     Colección Dominicana Biblioteca Pública Metropolitana Salomé Ureña Biblioteca Pública Metropolitana Salomé Ureña 06/02/2021 BPMSU CD RD861.08 S693c 2006 BPMSU22060031 06/17/2022 06/02/2021 Libros e.2